00811nam a22002417a 450000500170000001000150001702000260003202000230005803500130008103700130009408200140010724500540012126000450017527000660022030000310028649000490031750000670036665000150043365000200044865000350046865000330050370000330053620150311104414.0 aENG-112116 a9780198085577c825.00 a0198085575c825.00 aEN-95648 bDBAD/PUB a306.70954 aSexuality studies / cedited by Sanjay Srivastava aNew DelhibOxford University Pressc2013 aYMCA Library Building, 1, Jai Singh Road, bNew Delhie110001 axii,320p.:c23cm(Hb)bill. aOxford India studies in contemporary society aIncludes bibliographical references (pages 304-306) and index. aSexzIndia aSexologyzIndia aSex xSocial aspects z India. aSexual orientation z India. a Srivastava, Sanjay, d1960-